00409 a2200157 4500003000400000005001700004008004100021020001800062040000900080082001900089100001800108245005700126250001200183260004600195300001000241OSt20231214121013.0231211b |||||||| |||| 00| 0 eng d a9789388768436 coclc a894.812bLEE/M aLeelavathy, M aMalayala Kavitha Sahitya Charithram /cM. Leelavathy a9th ed. aThrissur:bKerala Sahitya Akademi,c2023. a550p.